00436nam a2200205Ia 4500003000900000008004100009040001300050040001300063041000800076100001600084245003200100250001100132260001300143260000900156300001100165300001000176490000600186600001700192700002100209IT-RoPAU120407s9999 xx 000 0 und d aIT-RoPAU cIT-RoPAU aita aLaura Baldo aMetropoli e sottocomunità aPadova aMarsilio c1966 a219 p. c24 cm v1 a1. Metropoli aGuido Martinotti